| 000 | 00481nam a2200169Ia 4500 | ||
|---|---|---|---|
| 003 | GCL | ||
| 008 | 140319s9999 xx 000 0 eng d | ||
| 040 |
_aGCL / _cGCL |
||
| 082 | 0 | 4 |
_a621.319 _bY E |
| 100 | 1 | _aYAMAYEE, ZIAA. | |
| 245 | 1 | 0 |
_aELECTRONEC HANICAL ENERGY DEVICES AND POWER SYSTEMS / _cYAMAYEE, ZIAA. |
| 260 |
_a[S.N] : _bJ . HNWIELEY LSONS, TNC. ، _c1994 |
||
| 300 | _a324 P. | ||
| 650 | 0 | 4 | _aELECTRIC MACHINERY |
| 650 | 0 | 4 | _aELECTRIC POWER SYSTEMS |
| 942 |
_2ddc _cBK |
||
| 999 |
_c11064 _d11064 |
||